| 000 | 00539nam a2200145 a 4500 | ||
|---|---|---|---|
| 008 | 120416s1990 ||||||||||||||||| || u | ||
| 050 | _aT 174.3 Hof | ||
| 100 | _aHoffman, Kurt | ||
| 245 | 1 | 0 | _aManagement international technology transfer |
| 246 | _aa strategic approach for developing countries | ||
| 260 |
_aOttawa _bIDRC _c1990 |
||
| 300 | _ax, 312p. : ill | ||
| 350 | _a0.00 | ||
| 995 |
_D0.00 _FCBU-MAIN LIBRARY (Kitwe) _H1 _I35.50 _M1 _UAVAILABLE _ZMain Library Open Access Collection |
||
| 999 |
_c49947 _d49947 |
||